Top 5 Scorers per Team 2024-25 - Statistics

General Stats
  • This quiz has been taken 17 times
    4 since last reset
  • The average score is 100 of 150
Answer Stats
Teams ppg Answer % Correct
Hornets 21.0 Brandon Miller
100%
Pistons 26.1 Cade Cunningham
100%
Nets 18.8 Cameron Johnson
100%
Nets 24.0 Cam Thomas
100%
Hawks 14.9 Caris LeVert
100%
Bulls 20.4 Coby White
100%
Cavs 20.6 Darius Garland
100%
Cavs 14.3 De'Andre Hunter
100%
Hawks 19.0 De'Andre Hunter
100%
Nets 18.4 Dennis Schroder
100%
Celtics 16.4 Derrick White
100%
Cavs 24.0 Donovan Mitchell
100%
Heat 11.0 Duncan Robinson
100%
Cavs 18.5 Evan Mobley
100%
Raptors 14.4 Gradey Dick
100%
Suns 10.6 Grayson Allen
100%
Spurs 12.3 Harrison Barnes
100%
Raptors 17.1 Immanuel Quickley
100%
Pistons 17.6 Jaden Ivey
100%
Raptors 14.5 Jakob Poeltl
100%
Knicks 26.0 Jalen Brunson
100%
Pistons 11.8 Jalen Duren
100%
Hawks 18.9 Jalen Johnson
100%
Thunder 21.6 Jalen Williams
100%
76ers 15.3 Jared McCain
100%
Cavs 13.5 Jarrett Allen
100%
Celtics 22.2 Jaylen Brown
100%
Celtics 26.8 Jayson Tatum
100%
Bulls 14.6 Josh Giddey
100%
Knicks 13.6 Josh Hart
100%
Knicks 24.4 Karl-Anthony Towns
100%
Spurs 12.7 Keldon Johnson
100%
76ers 15.1 Kelly Oubre Jr.
100%
Nets 10.6 Keon Johnson
100%
Jazz 16.8 Keyonte George
100%
Celtics 19.5 Kristaps Porziņgis
100%
Hornets 25.2 LaMelo Ball
100%
Hornets 15.3 Mark Williams
100%
Knicks 17.6 Mikal Bridges
100%
Hornets 20.3 Miles Bridges
100%
Bulls 18.5 Nikola Vucevic
100%
Knicks 18.0 OG Anunoby
100%
76ers 16.2 Paul George
100%
Celtics 14.3 Payton Pritchard
100%
76ers 21.9 Quentin Grimes
100%
Raptors 21.1 RJ Barrett
100%
Raptors 19.3 Scottie Barnes
100%
Pistons 13.7 Tobias Harris
100%
76ers 26.3 Tyrese Maxey
100%
Suns 10.2 Tyus Jones
100%
Bulls 24.0 Zach LaVine
100%
Kings 22.4 Zach LaVine
100%
Nuggets 14.7 Aaron Gordon
50%
Pacers 12.0 Aaron Nesmith
50%
Thunder 12.0 Aaron Wiggins
50%
Wizards 13.0 Alex Sarr
50%
Rockets 19.1 Alperen Sengun
50%
Rockets 14.1 Amen Thompson
50%
Warriors 17.6 Andrew Wiggins
50%
Blazers 19.3 Anfernee Simons
50%
Magic 9.4 Anthony Black
50%
Lakers 25.7 Anthony Davis
50%
Timberwolves 27.6 Anthony Edwards
50%
Lakers 20.2 Austin Reaves
50%
Heat 18.1 Bam Adebayo
50%
Pacers 16.1 Bennedict Mathurin
50%
Wizards 12.3 Bilal Coulibaly
50%
Bucks 13.9 Bobby Portis
50%
Clippers 11.4 Bogdan Bogdanović
50%
Suns 17.0 Bradley Beal
50%
Warriors 11.7 Brandin Podziemski
50%
Bucks 13.0 Brook Lopez
50%
Thunder 15.0 Chet Holmgren
50%
Nuggets 15.4 Christian Braun
50%
Pelicans 21.1 CJ McCollum
50%
Jazz 18.4 Collin Sexton
50%
Bucks 24.9 Damian Lillard
50%
Kings 25.0 De'Aaron Fox
50%
Blazers 14.4 Deandre Ayton
50%
Pelicans 17.5 Dejounte Murray
50%
Kings 22.2 DeMar DeRozan
50%
Blazers 16.9 Deni Avdija
50%
Grizzlies 19.2 Desmond Bane
50%
Suns 25.6 Devin Booker
50%
Spurs 16.3 Devin Vassell
50%
Rockets 14.0 Dillon Brooks
50%
Kings 19.1 Domantas Sabonis
50%
Magic 24.2 Franz Wagner
50%
Rockets 14.1 Fred VanVleet
50%
Bucks 30.4 Giannis Antetokounmpo
50%
Thunder 11.2 Isaiah Hartenstein
50%
Clippers 16.8 Ivica Zubac
50%
Timberwolves 12.2 Jaden McDaniels
50%
Rockets 21.0 Jalen Green
50%
Magic 16.2 Jalen Suggs
50%
Nuggets 21.4 Jamal Murray
50%
Clippers 22.8 James Harden
50%
Grizzlies 23.2 Ja Morant
50%
Grizzlies 22.2 Jaren Jackson Jr.
50%
Grizzlies 10.4 Jaylen Wells
50%
Blazers 14.4 Jerami Grant
50%
Heat 17.0 Jimmy Butler
50%
Warriors 17.9 Jimmy Butler
50%
Jazz 19.0 John Collins
50%
Warriors 15.3 Jonathan Kuminga
50%
Jazz 16.2 Jordan Clarkson
50%
Pelicans 10.8 Jordan Hawkins
50%
Wizards 20.5 Jordan Poole
50%
Timberwolves 18.7 Julius Randle
50%
Clippers 21.5 Kawhi Leonard
50%
Suns 26.6 Kevin Durant
50%
Bulls 13.2 Kevin Huerter
50%
Mavs 14.0 Klay Thompson
50%
Bucks 14.5 Kyle Kuzma
50%
Wizards 15.2 Kyle Kuzma
50%
Mavs 24.7 Kyrie Irving
50%
Jazz 19.0 Lauri Markkanen
50%
Lakers 24.4 LeBron James
50%
Lakers 28.2 Luka Dončić
50%
Mavs 28.1 Luka Doncic
50%
Wizards 12.7 Malcolm Brogdon
50%
Pistons 16.3 Malik Beasley
50%
Kings 17.2 Malik Monk
50%
Nuggets 18.2 Michael Porter Jr.
50%
Magic 12.9 Moritz Wagner
50%
Pacers 15.6 Myles Turner
50%
Mavs 13.2 Naji Marshall
50%
Timberwolves 14.2 Naz Reid
50%
Hornets 9.9 Nick Smith Jr.
50%
Nuggets 29.6 Nikola Jokić
50%
Heat 10.7 Nikola Jović
50%
Clippers 21.8 Norman Powell
50%
Magic 25.9 Paolo Banchero
50%
Pacers 20.2 Pascal Siakam
50%
Mavs 14.7 P.J. Washington
50%
Timberwolves 12.0 Rudy Gobert
50%
Lakers 13.1 Rui Hachimura
50%
Grizzlies 12.5 Santi Aldama
50%
Blazers 18.5 Shaedon Sharpe
50%
Thunder 32.7 Shai Gilgeous-Alexander
50%
Warriors 24.5 Stephen Curry
50%
Spurs 14.7 Stephon Castle
50%
Hawks 24.2 Trae Young
50%
Pelicans 21.2 Trey Murphy III
50%
Heat 23.9 Tyler Herro
50%
Pacers 18.6 Tyrese Haliburton
50%
Spurs 24.3 Victor Wembanyama
50%
Pelicans 24.6 Zion Williamson
50%
Nets 12.9 D'Angelo Russell
0%
Hawks 14.1 Dyson Daniels
0%
No matching quizzes found
Score Distribution
Percent of People with Each Score
Percentile by Number Answered
Your Score History
You have not taken this quiz since the last reset